| 000 | 00655cam a22002531 4500 | ||
|---|---|---|---|
| 001 | sa 68009064 | ||
| 003 | DLC | ||
| 005 | 20260227112539.0 | ||
| 008 | 950203s1967 ii 000 0 malo | ||
| 010 | _asa 68009064 | ||
| 025 | _aPL480:I-Mal-1329 | ||
| 035 | _a(OCoLC)31931959 | ||
| 040 |
_aDLC _cCU _dCU _dDLC |
||
| 042 | _apremarc | ||
| 050 | 0 | 0 |
_aPN2888.A55 _bA3 1967 |
| 100 | 1 | _aĀnt̲aṇi, Pi. Je. | |
| 245 | 1 | 0 | _aEnṭe nāṭakasmaraṇakaḷ. |
| 260 | _c[1967] | ||
| 300 |
_a191 p. _c19 cm. |
||
| 546 | _aIn Malayalam. | ||
| 500 | _aAutobiographical. | ||
| 600 | 1 | 0 | _aĀnt̲aṇi, Pi. Je. |
| 650 | 0 |
_aActors _zIndia _zKerala _vBiography. |
|
| 999 |
_c82692 _d82692 |
||